[Event "AUTO-ELITE-1231"]
[Site "http://www.queenalice.com/game.php?id=1228684"]
[Date "2013.10.31"]
[Round "1"]
[White "laurentb121"]
[Black "Norfair"]
[Result "0-1"]
[WhiteElo "2408"]
[BlackElo "2537"]

1. e4 e6 2. d4 d5 3. Nc3 Nf6 4. Bg5 Bb4 5. exd5 Qxd5 6. Bxf6 Bxc3+ 7. bxc3 gxf6
8. Qd2 c5 9. Nf3 Nc6 10. Qe3 Bd7 11. Bd3 Rg8 12. Be4 cxd4 13. cxd4 Qa5+ 14. Nd2
f5 15. Bf3 Nb4 16. Rc1 Qa4 17. Nb3 Bb5 18. c4 Nxa2 19. cxb5 Nxc1 20. Nxc1 Qxb5
21. Qb3 Qxb3 22. Nxb3 Rc8 23. Kd2 b6 24. Ra1 a5 25. Kd3 Ke7 26. Nd2 e5 27. dxe5
Rgd8+ 28. Ke3 Rc3+ 29. Ke2 Rc2 30. Rd1 a4 31. Ke1 a3 32. Nb3 Rxd1+ 33. Kxd1 Rxf2
34. Kc1 Ke6 0-1

[Event "AUTO-ELITE-1231"]
[Site "http://www.queenalice.com/game.php?id=1228689"]
[Date "2013.10.31"]
[Round "1"]
[White "laurentb121"]
[Black "boilermaker1234"]
[Result "1-0"]
[WhiteElo "2408"]
[BlackElo "2324"]

1. e4 Nc6 2. Nf3 d6 3. d4 g6 4. Nc3 Nf6 5. h3 Bg7 6. Be3 O-O 7. Qd2 a6 8. a4 e5
9. dxe5 dxe5 10. Bc4 Qxd2+ 11. Kxd2 Rd8+ 12. Kc1 h6 13. Rd1 Rxd1+ 14. Kxd1 b6
15. Nd5 Nxd5 16. Bxd5 Bd7 17. c3 Rd8 18. Kc2 Ne7 19. Bc4 a5 20. b4 g5 21. bxa5
bxa5 22. h4 Bc6 23. Nd2 gxh4 24. Bb5 Bb7 25. f3 f5 26. Bc5 Bf6 27. Re1 f4 28.
Nb3 Nc6 29. Bf2 Rd6 30. Rh1 Bg7 31. Rxh4 Rg6 32. Rh2 Bc8 33. Nc5 Bf8 34. Kb3 Nd8
35. Nd3 Bg7 36. Bc5 Be6+ 37. Bc4 Bxc4+ 38. Kxc4 Nb7 39. Kb5 Kf7 40. Ba7 Ke8 41.
Nb2 Bf8 42. Nc4 Re6 43. Rh5 Nd6+ 44. Nxd6+ Bxd6 45. Kxa5 Kf8 46. c4 Rg6 47. c5
Be7 48. Rxe5 1-0

[Event "AUTO-ELITE-1231"]
[Site "http://www.queenalice.com/game.php?id=1228690"]
[Date "2013.10.31"]
[Round "1"]
[White "boilermaker1234"]
[Black "laurentb121"]
[Result "1-0"]
[WhiteElo "2316"]
[BlackElo "2414"]

1. e4 c5 2. d4 cxd4 3. Qxd4 Nc6 4. Qa4 e6 5. Nf3 Bc5 6. Bb5 Nge7 7. O-O O-O 8.
Nc3 d6 9. Be3 Bxe3 10. fxe3 Qb6 11. Rfe1 Ng6 12. Bxc6 bxc6 13. Qb3 Qc7 14. Qc4
Rb8 15. Rab1 c5 16. Red1 Rb6 17. b4 Bd7 18. Na4 Bxa4 19. b5 Bxb5 20. Rxb5 Rxb5
21. Qxb5 Rb8 22. Qd3 Rb6 23. a4 a5 24. Qd2 Qa7 25. Qe1 h6 26. Qc3 Qa6 27. e5
dxe5 28. Qxc5 Rc6 29. Qb5 Qxb5 30. axb5 Rxc2 31. Rb1 Rc8 32. Ra1 f5 33. Rxa5
Rc1+ 34. Kf2 Rc2+ 35. Ke1 Rb2 36. Kd1 Kf7 37. Kc1 Rb4 38. Ne1 Kf6 39. Nc2 Rb3
40. Na1 Rc3+ 41. Kd2 Rc8 42. b6 Rb8 43. Rb5 Ke7 44. Nb3 Kd6 45. Na5 e4 46. b7
Nh4 47. Rb6+ Kd7 48. g3 Nf3+ 49. Kc3 Nxh2 50. Kd4 g5 51. Kc5 Ng4 52. Rd6+ Kc7
53. Rxe6 Kd7 54. Rg6 Ne5 55. Rxh6 Kc7 56. Kb5 Rd8 57. Ka6 Rd5 58. Rh7+ Nd7 59.
Rxd7+ Rxd7 60. Nc6 Kxc6 61. b8=Q Rd3 62. Qb5+ Kd6 63. Qxf5 1-0

[Event "AUTO-ELITE-1287"]
[Site "http://www.queenalice.com/game.php?id=1256271"]
[Date "2014.2.14"]
[Round "1"]
[White "Hot_Tracy"]
[Black "laurentb121"]
[Result "1-0"]
[WhiteElo "2573"]
[BlackElo "2388"]

1. e4 e6 2. d4 d5 3. Nc3 Nf6 4. Bg5 Be7 5. e5 Nfd7 6. Bxe7 Qxe7 7. f4 O-O 8. Nf3
c5 9. Qd2 Nc6 10. dxc5 Nxc5 11. O-O-O a6 12. Qe3 b5 13. Kb1 b4 14. Ne2 a5 15.
Ned4 Nxd4 16. Nxd4 Qc7 17. Nb5 Qc6 18. Nd4 Qc7 19. Nb5 Qb6 20. f5 f6 21. fxe6
Bxe6 22. exf6 Rxf6 23. Bd3 Re8 24. Rhf1 Bf7 25. Rxf6 gxf6 26. Qg3+ Kh8 27. Nd6
Rf8 28. Nxf7+ Rxf7 29. Qe3 Qc7 30. Bf5 Qc6 31. g4 a4 32. Qd2 Re7 33. Qh6 Re8 34.
Qxh7# 1-0

[Event "AUTO-ELITE-1287"]
[Site "http://www.queenalice.com/game.php?id=1256272"]
[Date "2014.2.14"]
[Round "1"]
[White "laurentb121"]
[Black "Hot_Tracy"]
[Result "1/2-1/2"]
[WhiteElo "2382"]
[BlackElo "2563"]

1. e4 c5 2. Nc3 Nc6 3. f4 g6 4. Nf3 Bg7 5. Bb5 Nd4 6. O-O Nxb5 7. Nxb5 d6 8. d3
a6 9. Nc3 Nf6 10. Qe1 O-O 11. Qh4 b5 12. f5 gxf5 13. Bh6 Bxh6 14. Qxh6 Ng4 15.
Qh5 Nf6 16. Qh4 Kg7 17. Rae1 Ra7 18. Re3 Ng4 19. Ng5 h6 20. Rg3 e6 21. exf5 exf5
22. Nf3 Kh7 23. Nd5 Be6 24. Ne3 Rg8 25. Qxd8 Rxd8 26. Nh4 Nxe3 27. Rxe3 f4 28.
Rxf4 Re7 29. Nf5 Ree8 30. Rfe4 Kg6 31. Ng3 a5 32. Ne2 Bd7 33. Nf4+ Kf5 1/2-1/2

[Event "AUTO-ELITE-1287"]
[Site "http://www.queenalice.com/game.php?id=1256275"]
[Date "2014.2.14"]
[Round "1"]
[White "FabioDavid"]
[Black "laurentb121"]
[Result "1-0"]
[WhiteElo "2499"]
[BlackElo "2397"]

1. e4 c5 2. Na3 b6 3. Nf3 Bb7 4. Bc4 e6 5. Qe2 a6 6. c3 Be7 7. d4 d5 8. exd5
exd5 9. Bd3 Nf6 10. Bg5 O-O 11. Nc2 h6 12. Bh4 Re8 13. O-O Nbd7 14. Ne3 g6 15.
Bg3 Ne4 16. Be5 Nxe5 17. Nxe5 Bf6 18. f4 cxd4 19. cxd4 b5 20. Bxe4 dxe4 21. f5
Qxd4 22. fxg6 Qxe5 23. gxf7+ Kxf7 24. Ng4 Qd4+ 25. Kh1 Re6 26. Nxh6+ Kf8 27. Qg4
Bd5 28. Qg6 Rd6 29. Rad1 1-0

[Event "AUTO-ELITE-1287"]
[Site "http://www.queenalice.com/game.php?id=1256276"]
[Date "2014.2.14"]
[Round "1"]
[White "laurentb121"]
[Black "FabioDavid"]
[Result "0-1"]
[WhiteElo "2387"]
[BlackElo "2557"]

1. e4 e5 2. Nf3 Nc6 3. Bc4 Nf6 4. d3 Bc5 5. c3 O-O 6. b4 Bb6 7. Bg5 h6 8. Bh4 d6
9. Nbd2 g5 10. Nxg5 hxg5 11. Bxg5 Nb8 12. Qf3 Nbd7 13. Nf1 Kg7 14. Ne3 Rh8 15.
Ng4 d5 16. Bxd5 c6 17. Bb3 Qe7 18. h4 Bd8 19. h5 a5 20. bxa5 Kf8 21. h6 Rh7 22.
Qf5 Qc5 23. Rc1 Qxa5 24. Be6 fxe6 25. Qg6 Rf7 26. Nxf6 Nxf6 27. Bxf6 Bxf6 28. h7
Ke7 29. h8=Q Bxh8 30. Rxh8 Qxa2 31. Qg5+ Kd6 32. Qe3 Qb2 33. d4 Ra2 34. Rxc8
Rxf2 35. dxe5+ Kd7 0-1

[Event "Challenge"]
[Site "http://www.queenalice.com/game.php?id=1258535"]
[Date "2014.2.20"]
[Round "-"]
[White "laurentb121"]
[Black "fernando1971"]
[Result "0-1"]
[WhiteElo "2380"]
[BlackElo "2441"]

1. e4 e5 2. Nf3 Nc6 3. Bc4 Bc5 4. c3 Nf6 5. d3 O-O 6. b4 Be7 7. Bg5 a6 8. a4 d5
9. Bxf6 dxc4 10. Bxe7 Qxe7 11. dxc4 Bg4 12. Nbd2 Rfd8 13. Qe2 f6 14. h3 Be6 15.
Nf1 Qf7 16. Ne3 a5 17. b5 Ne7 18. Nd2 Ng6 19. g3 Nf8 20. h4 Nd7 21. Nb3 c6 22.
O-O cxb5 23. axb5 a4 24. Nd2 Qf8 25. Nd5 a3 26. Nc7 Bh3 27. Rfb1 Ra4 28. Nd5 Be6
29. Nc7 Qd6 30. Nxe6 Qxe6 31. Rb4 Ra7 32. Qe3 b6 33. Qd3 Raa8 34. Qc2 Nc5 35.
Rbb1 Kh8 36. Ra2 Rd3 37. Nb3 Qxc4 38. Nxc5 Rxc3 39. Qd2 Qxc5 40. Qd7 Rc2 41.
Rxc2 Qxc2 42. Rd1 h6 43. Qd5 Ra7 44. Qd8+ Kh7 45. Rd7 Rxd7 46. Qxd7 a2 0-1

[Event "AUTO-ELITE-1317"]
[Site "http://www.queenalice.com/game.php?id=1272207"]
[Date "2014.4.11"]
[Round "1"]
[White "laurentb121"]
[Black "Hot_Tracy"]
[Result "1-0"]
[WhiteElo "2370"]
[BlackElo "2311"]

1. e4 c5 2. Nc3 Nc6 3. f4 g6 4. Nf3 Bg7 5. Bb5 Nd4 6. O-O Nxb5 7. Nxb5 d6 8. d3
a6 9. Nc3 b5 10. Qe1 Bb7 11. Bd2 Nf6 12. a3 1-0

[Event "AUTO-ELITE-1317"]
[Site "http://www.queenalice.com/game.php?id=1272208"]
[Date "2014.4.11"]
[Round "1"]
[White "Hot_Tracy"]
[Black "laurentb121"]
[Result "0-1"]
[WhiteElo "2301"]
[BlackElo "2380"]

1. e4 c5 2. Nf3 e6 3. d4 cxd4 4. Nxd4 Nc6 5. Nc3 Qc7 6. Be2 a6 7. O-O Nf6 8. Be3
Bb4 9. Na4 Be7 10. Nxc6 bxc6 11. Nb6 Rb8 12. Nxc8 Qxc8 13. Bd4 c5 14. Be5 Rb6
15. Qd3 d6 16. Bc3 O-O 0-1

[Event "AUTO-ELITE-1317"]
[Site "http://www.queenalice.com/game.php?id=1272209"]
[Date "2014.4.11"]
[Round "1"]
[White "laurentb121"]
[Black "fontaine"]
[Result "0-1"]
[WhiteElo "2390"]
[BlackElo "2689"]

1. d4 d5 2. Nf3 Nf6 3. e3 e6 4. Bd3 Nbd7 5. O-O c5 6. b3 Bd6 7. Bb2 O-O 8. Nbd2
b6 9. Ne5 Bb7 10. f4 cxd4 11. exd4 Ne4 12. Nxe4 dxe4 13. Bb5 Nxe5 14. fxe5 Be7
15. a4 f5 16. exf6 Rxf6 17. Rxf6 Bxf6 18. Qd2 Qc7 19. Bf1 Rf8 20. c4 Bh4 21. g3
Bxg3 22. Qg2 Bf2+ 23. Kh1 Bxd4 0-1

[Event "AUTO-ELITE-1317"]
[Site "http://www.queenalice.com/game.php?id=1272210"]
[Date "2014.4.11"]
[Round "1"]
[White "fontaine"]
[Black "laurentb121"]
[Result "1-0"]
[WhiteElo "2724"]
[BlackElo "2368"]

1. e4 c5 2. c3 g6 3. d4 cxd4 4. cxd4 d5 5. e5 Nc6 6. Nc3 Bg7 7. Be2 f6 8. Nf3
Nh6 9. exf6 exf6 10. Qb3 O-O 11. Bxh6 Bxh6 12. O-O Ne7 13. Rfe1 b6 14. Bd3 Rf7
15. Re2 Bg4 16. Nxd5 Nxd5 17. Bc4 Rd7 18. Rae1 Bxf3 19. gxf3 Bf8 20. Bxd5+ Rxd5
21. Re8 Kg7 22. Rxd8 Raxd8 23. Qa4 R8d7 24. Rd1 Bc5 25. f4 Bxd4 26. Kg2 a5 27.
h4 Rd8 28. Qc6 R5d6 29. Qe4 f5 30. Qe7+ Kh6 31. h5 Bf6 32. Qxd6 Rxd6 33. Rxd6
Bxb2 34. hxg6 hxg6 35. Rxb6 Bc3 36. a3 Bd2 37. Rb5 Kg7 38. Kf3 Kf6 39. Rd5 1-0

[Event "AUTO-ELITE-1323"]
[Site "http://www.queenalice.com/game.php?id=1277509"]
[Date "2014.4.30"]
[Round "1"]
[White "acid"]
[Black "laurentb121"]
[Result "1-0"]
[WhiteElo "2470"]
[BlackElo "2377"]

1. d4 e6 2. e4 d5 3. Nd2 c5 4. Ngf3 Nf6 5. e5 Nfd7 6. c3 Nc6 7. Bd3 h6 8. O-O g5
9. dxc5 Bxc5 10. Nb3 Bf8 11. Bc2 Bg7 12. Qe2 Ndxe5 13. Nxe5 Bxe5 14. f4 gxf4 15.
Bxf4 Bxf4 16. Rxf4 Qe7 17. Raf1 f5 18. Re1 Kd8 19. Qf2 Qd6 20. c4 Kc7 21. cxd5
Qxd5 22. Rf3 e5 23. Rd1 Qb5 24. Rc3 Rd8 25. Rxd8 Kxd8 26. Bxf5 Kc7 27. Be4 Bd7
28. Nc5 Rd8 29. h3 Bc8 30. Qf7+ Bd7 31. Bf5 Qxb2 32. Bxd7 Qxc3 33. Be8+ 1-0

[Event "AUTO-ELITE-1323"]
[Site "http://www.queenalice.com/game.php?id=1277510"]
[Date "2014.4.30"]
[Round "1"]
[White "laurentb121"]
[Black "acid"]
[Result "0-1"]
[WhiteElo "2387"]
[BlackElo "2463"]

1. e4 c5 2. Nc3 e6 3. f4 Nc6 4. Nf3 d5 5. Bb5 Ne7 6. exd5 Nxd5 7. O-O Be7 8.
Bxc6+ bxc6 9. Ne5 c4 10. Kh1 Qc7 11. b3 O-O 12. Qf3 Ba6 13. bxc4 Nb4 14. Qe4 f5
15. Qe2 Nxc2 16. Rb1 Nd4 17. Qf2 c5 18. d3 Bf6 19. Nb5 Bxb5 20. cxb5 Bxe5 21.
fxe5 Rfd8 22. Bf4 Qa5 23. Rfc1 Rd5 24. Qd2 Qxd2 25. Bxd2 Rxe5 26. Bc3 Re2 27. a4
Ra2 28. Ra1 Nb3 29. Rxa2 Nxc1 30. Rd2 Rd8 31. d4 Nb3 0-1

[Event "AUTO-ELITE-1323"]
[Site "http://www.queenalice.com/game.php?id=1277517"]
[Date "2014.4.30"]
[Round "1"]
[White "laurentb121"]
[Black "fred57"]
[Result "0-1"]
[WhiteElo "2376"]
[BlackElo "2718"]

1. e4 c5 2. Nc3 Nc6 3. f4 e6 4. Nf3 a6 5. g3 d5 6. d3 Nf6 7. Qe2 Nd4 8. Nxd4
cxd4 9. Nd1 dxe4 10. dxe4 Bd7 11. Nf2 Qc7 12. Bg2 Ba4 13. O-O Qxc2 14. Qxc2 Bxc2
15. g4 h5 16. g5 Ng4 17. e5 O-O-O 18. Ne4 Kb8 19. Bd2 Ne3 20. Bxe3 dxe3 21. Rfe1
Bxe4 22. Bxe4 Bc5 23. Kg2 Rd2+ 24. Kf3 Rf2+ 0-1

[Event "AUTO-ELITE-1323"]
[Site "http://www.queenalice.com/game.php?id=1277518"]
[Date "2014.4.30"]
[Round "1"]
[White "fred57"]
[Black "laurentb121"]
[Result "1-0"]
[WhiteElo "2719"]
[BlackElo "2374"]

1. d4 e6 2. c4 f5 3. g3 Nf6 4. Bg2 c6 5. Qc2 d5 6. Nh3 Bd6 7. O-O O-O 8. Rd1
Nbd7 9. Bf4 Be7 10. Nd2 Nh5 11. Nf3 h6 12. Ne1 g5 13. Bd2 Bd6 14. e3 Qe7 15. f4
g4 16. Nf2 Nhf6 17. Rac1 h5 18. Ned3 Kg7 19. Ne5 Ne4 20. Nxe4 fxe4 21. Bf1 Nf6
22. Be2 Bd7 23. Qb3 Rfb8 24. Kg2 1-0

[Event "AUTO-ELITE-1368"]
[Site "http://www.queenalice.com/game.php?id=1298966"]
[Date "2014.8.3"]
[Round "1"]
[White "laurentb121"]
[Black "AsterixTwin"]
[Result "1-0"]
[WhiteElo "2367"]
[BlackElo "2267"]

1. e4 c5 2. c3 d5 3. exd5 Qxd5 4. d4 Nf6 5. Nf3 Bg4 6. dxc5 Qxd1+ 7. Kxd1 e5 8.
b4 e4 9. h3 Bh5 10. g4 Nxg4 11. hxg4 Bxg4 12. Nd2 exf3 13. Bd3 f5 14. Kc2 Nd7
15. Re1+ Kd8 16. Nc4 Be7 17. Na5 Bh4 18. Bf4 Kc8 19. c6 1-0

[Event "AUTO-ELITE-1368"]
[Site "http://www.queenalice.com/game.php?id=1298967"]
[Date "2014.8.3"]
[Round "1"]
[White "AsterixTwin"]
[Black "laurentb121"]
[Result "1-0"]
[WhiteElo "2317"]
[BlackElo "2340"]

1. e4 e6 2. d4 d5 3. Nd2 c5 4. exd5 exd5 5. Ngf3 a6 6. dxc5 Bxc5 7. Nb3 Bb6 8.
c3 Nf6 9. Bg5 Bxf2+ 10. Kxf2 Ne4+ 11. Kg1 Nxg5 12. Nxg5 Qxg5 13. Qd2 Qxd2 14.
Nxd2 Nc6 15. Nb3 Be6 16. Rd1 O-O-O 17. Nd4 Bg4 18. Be2 Bxe2 19. Nxe2 Rhe8 20.
Kf2 Re5 21. Rhe1 Ne7 22. Nd4 Rxe1 23. Rxe1 Nc6 24. Nxc6 bxc6 25. Re7 Rd7 26.
Re8+ Kc7 27. Ke3 c5 28. Kd3 h5 29. b4 cxb4 30. cxb4 Kc6 31. a4 Rb7 32. Kc3 g6
33. Ra8 Kb6 34. a5+ Kb5 35. Kb3 Re7 36. Rb8+ Kc6 37. Rb6+ Kc7 38. Rxa6 Re3+ 39.
Ka4 d4 40. Ra7+ Kd6 41. Rxf7 d3 42. Kb3 Re2 43. Rf6+ Ke5 44. Rxg6 Re4 45. Kc3
Rxb4 46. Kxd3 h4 47. h3 Ra4 48. Rg4 Ra2 49. Ke3 Kf5 50. Kf3 Rxa5 51. Rxh4 Kg5
52. Rb4 Ra3+ 53. Kf2 Rc3 54. h4+ Kh5 55. g3 Ra3 56. Kg2 Ra1 57. Rb5+ Kh6 58. h5
Rc1 59. Kh3 Ra1 60. Kh4 Rc1 61. Rb6+ Kh7 62. g4 Rc5 63. h6 Rc1 64. Kh5 Ra1 65.
Rb7+ Kh8 66. g5 Ra5 67. Re7 Rb5 68. Kg6 Rb8 69. Kf6 Rb1 70. Re8+ 1-0

[Event "AUTO-ELITE-1368"]
[Site "http://www.queenalice.com/game.php?id=1298968"]
[Date "2014.8.3"]
[Round "1"]
[White "laurentb121"]
[Black "Sexxy_Bunny"]
[Result "0-1"]
[WhiteElo "2368"]
[BlackElo "2656"]

1. e4 c5 2. c3 d5 3. exd5 Qxd5 4. d4 Nf6 5. Nf3 e6 6. Na3 Qd8 7. Nc2 Nc6 8. Bd3
Be7 9. O-O O-O 10. dxc5 Bxc5 11. Qe2 Qc7 12. Ncd4 Nxd4 13. cxd4 Be7 14. Bg5 Bd7
15. Ne5 Qd6 16. Rad1 Bc6 17. Rfe1 Qd5 18. Nxc6 bxc6 19. Bf4 Qxa2 20. Be5 Qd5 21.
Rc1 Rfd8 22. Rc4 Rac8 23. Ra4 Qd7 24. Rea1 Ra8 25. h4 Nd5 26. h5 Bd6 27. h6 g6
28. Bg7 Nf4 29. Qf3 Nxd3 30. Qxd3 Be7 31. Qf3 f6 32. Ra6 Kf7 33. Rxc6 Rac8 34.
Rca6 Qxd4 35. Rxa7 Rd7 36. Rxd7 Qxd7 37. b3 Qd4 38. Ra4 Rc1+ 39. Kh2 Qe5+ 40. g3
Rc3 0-1

[Event "AUTO-ELITE-1368"]
[Site "http://www.queenalice.com/game.php?id=1298969"]
[Date "2014.8.3"]
[Round "1"]
[White "Sexxy_Bunny"]
[Black "laurentb121"]
[Result "1-0"]
[WhiteElo "2654"]
[BlackElo "2372"]

1. e4 e6 2. d4 d5 3. Nc3 Bb4 4. e5 c5 5. a3 Bxc3+ 6. bxc3 Qa5 7. Bd2 Qa4 8. Qb1
c4 9. h4 Nc6 10. h5 Bd7 11. Nf3 O-O-O 12. g3 f6 13. Bh3 Rf8 14. O-O fxe5 15.
Nxe5 Nxe5 16. dxe5 Ne7 17. Qb4 Nf5 18. Rac1 Rf7 19. Bg5 h6 20. Bd2 Rhf8 21. Kh2
b6 22. Qxa4 Bxa4 23. g4 Ne7 24. f4 Kc7 25. Rf2 Bd7 26. Re1 Bc8 27. Rff1 Kc6 28.
Kg2 Kb5 29. a4+ Ka5 30. f5 exf5 31. e6 Bxe6 32. g5 Bc8 33. g6 Nxg6 34. hxg6 Rf6
35. Re7 Rxg6+ 36. Kf2 a6 37. Bf4 Rff6 38. Be5 Re6 39. Rxg7 Rxg7 40. Bxg7 Bd7 41.
Bg2 Bxa4 42. Bxd5 Re7 43. Bf8 Re8 44. Bxh6 b5 45. Rc1 1-0

[Event "Challenge"]
[Site "http://www.queenalice.com/game.php?id=1321201"]
[Date "2014.11.9"]
[Round "-"]
[White "WeirdGoblin"]
[Black "laurentb121"]
[Result "0-1"]
[WhiteElo "2149"]
[BlackElo "2333"]

1. c4 e6 2. e4 d5 3. exd5 exd5 4. cxd5 Nf6 5. Nc3 Nxd5 6. Bc4 Nb6 7. Bb3 Nc6 8.
Nf3 Qe7+ 9. Qe2 Bg4 10. Qxe7+ Bxe7 11. Bd1 O-O-O 12. O-O Rhe8 13. h3 Bf5 14. d4
Nxd4 15. Nxd4 Rxd4 16. Be3 Rdd8 17. b3 Bf6 18. Rc1 Bxc3 19. Rxc3 Nd5 20. Rc5
Nxe3 21. fxe3 Bg6 22. Bg4+ Kb8 23. Bf5 Bxf5 24. Rcxf5 f6 25. R5f3 Rd3 26. Re1 a5
27. Kf2 Red8 28. e4 Rxf3+ 29. Kxf3 Rd2 30. e5 fxe5 31. Rxe5 Rxa2 32. Re8+ Ka7
33. Re7 Ra3 34. Rxc7 Rxb3+ 35. Ke2 Rb2+ 36. Kf3 a4 37. Rxg7 a3 38. Rg4 b5 0-1

[Event "Challenge"]
[Site "http://www.queenalice.com/game.php?id=1321202"]
[Date "2014.11.9"]
[Round "-"]
[White "laurentb121"]
[Black "WeirdGoblin"]
[Result "1-0"]
[WhiteElo "2327"]
[BlackElo "2138"]

1. e4 c6 2. d4 d5 3. exd5 cxd5 4. Bd3 Nf6 5. c3 Nc6 6. Bf4 Bg4 7. Qb3 Qc8 8. Nd2
e6 9. Ngf3 Be7 10. O-O O-O 11. Ne5 Bh5 12. Qc2 Bg6 13. Nxg6 hxg6 14. h3 a6 15.
Nf3 b5 16. a3 Na5 17. Rfe1 Nc4 18. Ne5 Nd7 19. Qe2 Ndxe5 20. dxe5 Bc5 21. h4 Qd8
22. g3 Be7 23. Kg2 a5 24. Rh1 b4 25. axb4 axb4 26. cxb4 Qb6 27. Rxa8 Rxa8 28.
Bb1 Qxb4 29. h5 Qxb2 30. Qg4 Ra4 31. Qd1 Ra1 32. hxg6 fxg6 33. Qg4 Nxe5 34.
Qxe6+ Nf7 35. Bxg6 1-0

[Event "Brazil vs France"]
[Site "http://www.queenalice.com/game.php?id=1325916"]
[Date "2014.12.3"]
[Round "-"]
[White "zerruela"]
[Black "laurentb121"]
[Result "1-0"]
[WhiteElo "2324"]
[BlackElo "2365"]

1. d4 f5 2. Bg5 g6 3. Nf3 Bg7 4. Nc3 Nf6 5. e3 O-O 6. Bc4+ e6 7. O-O d5 8. Bd3
c5 9. dxc5 Nbd7 10. b4 h6 11. Bxf6 Qxf6 12. Nd4 e5 13. Nxd5 Qf7 14. Bc4 exd4 15.
Ne7+ 1-0

[Event "France vs Brazil"]
[Site "http://www.queenalice.com/game.php?id=1325917"]
[Date "2014.12.3"]
[Round "-"]
[White "laurentb121"]
[Black "zerruela"]
[Result "0-1"]
[WhiteElo "2352"]
[BlackElo "2351"]

1. e4 c6 2. d4 d5 3. exd5 cxd5 4. Bd3 Nc6 5. c3 Qc7 6. Ne2 e6 7. O-O Bd6 8. f4
f5 9. c4 dxc4 10. Bxc4 Nf6 11. Nbc3 Nxd4 12. Nxd4 Qxc4 13. Nxf5 Bc5+ 14. Ne3 O-O
15. Kh1 Qa6 16. Qb3 Bd7 17. Bd2 Rad8 18. Rae1 b5 19. a3 Bc6 20. Re2 b4 21. axb4
Rxd2 22. Rxd2 Bxe3 23. Re2 Bd5 0-1